000 01108nam a22003017a 4500
001 5170
003 FISKH
005 20241108123336.0
008 241108b cb ||||| |||| 00| 0 eng d
020 _a9781407103020
040 _aFISKH
_beng
_cFISKH
_dFISKH
050 _aD522.D43
082 _a940.3
100 _aDeary, Terry
245 _aThe Frightful First World War /
_cby Terry Deary : illustrated by Martin Brown
260 _aNew York :
_bScholastic ;
_c1998 .
300 _a140 pages :
_billustration :
_c21 cm .
490 _aHorrible Histories
505 _aZ
520 _aAll the foul facts about the Frightful First World War are ready to uncover, including what the 'Fat King' did with food scraps and dead horses, how sniffing your own pee could save your life in a gas attack and why a pair of old socks gave away top German secrets.
521 8 _a900
_bLexile
521 8 _aZ
_bRaz-Plus
650 _a20th century
_vnon-fiction
650 _aChildren's History
_vnon-fiction
700 _aBrown, Martin
_eillustrator
942 _2ddc
_cBK
_n0
999 _c5170
_d5170